00736 2200181 4500001002100000005001500021035002000036245005700056100000900113250001000122300002000132260003700152082000800189084001400197020002200211650001400233520030700247INLIS00000000000019420210302090514 a0010-03210000211 aKiat Sukses Budidaya Jeruk Nipis /cTim Agro Mandiri0 aKiat acet.1 a80hal. :bilus. asurakarta :bVisi Mandiri,c2017 a634 a634 KIA k a978-602-317-212-2 4aPertanian aDalam berbagai kuliner, fungsi jeruk bisa bermacam-macam seperti menghilangkan bau manis pada daging dan ikan, memberikan sensasi rasa tertentu pada masakan, serta memberikan aroma khas yang menggugah selera. Berbeda dengan jeruk buah seperti jeruk keprok, jeruk siam, Sunkist, yang dikonsumsi lNGSUNG.